[Event "FIDE World Bl Team Pool D"]
[Site "London ENG"]
[Date "2025.06.14"]
[Round "2.3"]
[White "Agmanov, Zhandos"]
[Black "Strom-Engdahl, Alexander"]
[Result "1-0"]
[WhiteTitle "IM"]
[BlackTitle "FM"]
[WhiteElo "2481"]
[BlackElo "2320"]
[WhiteTeam "Barys.kz"]
[BlackTeam "Uppsala SSS"]
[WhiteFideId "13708309"]
[BlackFideId "1741586"]
[EventDate "2025.06.14"]
[EventType "team"]

1. e4 g6 2. d4 Bg7 3. Nc3 d6 4. Nf3 Nf6 5. Be2 O-O 6. O-O a6 7. Re1 b5 8. e5
Nfd7 9. e6 fxe6 10. Ng5 Nf6 11. Bf3 d5 12. Nxe6 Bxe6 13. Rxe6 b4 14. Rxf6 Rxf6
15. Bxd5+ Kh8 16. Bxa8 bxc3 17. bxc3 c6 18. Rb1 Nd7 19. Bb7 Qa5 20. Rb3 Qxa2 21.
Bg5 Rf8 22. Bxc6 Nf6 23. h3 Qa5 24. Be3 Qc7 25. Bf3 a5 26. Qa1 e5 27. Rb7 Qd6
28. Qxa5 e4 29. Be2 Nd5 30. Qa7 Qf6 31. Rb8 Nxe3 32. Rxf8+ Bxf8 33. fxe3 Bh6 34.
Qa8+ Kg7 35. Qxe4 Qb6 36. Qe5+ Kf8 37. Qh8+ Kf7 38. Bc4+ Ke7 39. Qxh7+ Kd8 40.
Qxh6 Qb1+ 41. Kh2 Qxc2 42. Qf8+ Kd7 43. Bb5+ Kc7 44. Qc5+ Kb7 45. Qc6+ Kb8 46.
Ba6 Qb3 47. Qb7+ 1-0

[Event "FIDE World Bl Team Pool D"]
[Site "London ENG"]
[Date "2025.06.14"]
[Round "2.4"]
[White "Nilsson, Oliver"]
[Black "Suleymenov, Alisher"]
[Result "0-1"]
[BlackTitle "GM"]
[WhiteElo "2129"]
[BlackElo "2515"]
[WhiteTeam "Uppsala SSS"]
[BlackTeam "Barys.kz"]
[WhiteFideId "1730177"]
[BlackFideId "13707833"]
[EventDate "2025.06.14"]
[EventType "team"]

1. e4 e5 2. Nf3 Nc6 3. Bc4 Nf6 4. d4 exd4 5. e5 Ne4 6. Qe2 Nc5 7. c3 d3 8. Qe3
Be7 9. O-O O-O 10. Rd1 d5 11. exd6 cxd6 12. b4 d5 13. Bb5 Ne6 14. Bxd3 Re8 15.
b5 Na5 16. c4 Bc5 17. Qe5 Nd4 18. Qxd5 Qxd5 19. cxd5 Bg4 20. Nbd2 Rad8 21. Bb2
Rxd5 22. h3 Bxf3 23. Nxf3 Nxf3+ 0-1

[Event "FIDE World Bl Team Pool D"]
[Site "London ENG"]
[Date "2025.06.14"]
[Round "2.5"]
[White "Kairbekova, Amina"]
[Black "Ostensson, Julia"]
[Result "1-0"]
[WhiteTitle "WIM"]
[WhiteElo "2317"]
[BlackElo "1996"]
[WhiteTeam "Barys.kz"]
[BlackTeam "Uppsala SSS"]
[WhiteFideId "13712799"]
[BlackFideId "1747703"]
[EventDate "2025.06.14"]
[EventType "team"]

1. e4 d6 2. d4 Nf6 3. Nc3 e5 4. Nf3 Nbd7 5. Rg1 c6 6. Be3 Ng4 7. Bg5 Be7 8. Bxe7
Qxe7 9. Bd3 exd4 10. Nxd4 Nc5 11. Qe2 O-O 12. O-O-O Re8 13. f3 Ne5 14. Kb1 Nexd3
15. cxd3 d5 16. Nc2 dxe4 17. fxe4 b5 18. Rge1 a5 19. d4 Ne6 20. d5 cxd5 21. exd5
b4 22. dxe6 Bxe6 23. Nd5 Qg5 24. Nce3 Bxd5 25. Rxd5 Rxe3 26. Rxg5 Rxe2 27. Rxe2
Rd8 28. Rxa5 1-0

[Event "FIDE World Bl Team Pool D"]
[Site "London ENG"]
[Date "2025.06.14"]
[Round "2.6"]
[White "Letoret, Tim"]
[Black "Nurakyn, Suleiman"]
[Result "0-1"]
[WhiteElo "1907"]
[BlackElo "1773"]
[WhiteTeam "Uppsala SSS"]
[BlackTeam "Barys.kz"]
[WhiteFideId "269638"]
[BlackFideId "447003073"]
[EventDate "2025.06.14"]
[EventType "team"]

1. e4 c6 2. d4 d5 3. e5 Bf5 4. h4 a6 5. Bd3 Bxd3 6. Qxd3 e6 7. Bg5 Ne7 8. Nd2 h6
9. Bf4 Nf5 10. Ngf3 c5 11. c4 dxc4 12. Nxc4 Nc6 13. Rd1 Nfxd4 14. O-O Be7 15.
Nd6+ Bxd6 16. exd6 O-O 17. Rfe1 Re8 18. Ne5 Qxd6 19. Qg3 Nxe5 20. Bxe5 Qf8 21.
Bxd4 cxd4 22. Rxd4 Red8 23. Rg4 Rd2 24. Qe3 Rad8 25. Qxh6 Rd1 26. Rxd1 Rxd1+ 27.
Kh2 Qd6+ 28. Rg3 Qxg3+ 0-1

[Event "FIDE World Bl Team Pool D"]
[Site "London ENG"]
[Date "2025.06.14"]
[Round "2.1"]
[White "Cancedda-Dupuis, Livio"]
[Black "Kawuma, Patrick"]
[Result "1/2-1/2"]
[BlackTitle "FM"]
[WhiteElo "2053"]
[BlackElo "2231"]
[WhiteTeam "The London Legends"]
[BlackTeam "Equity Bank, Kenya"]
[WhiteFideId "499447"]
[BlackFideId "10000127"]
[EventDate "2025.06.14"]
[EventType "team"]

1. Nf3 c5 2. e4 Nc6 3. d4 cxd4 4. Nxd4 Nf6 5. Nc3 e6 6. a3 Qc7 7. Be2 Nxd4 8.
Qxd4 Bc5 9. Qd3 O-O 10. Be3 a6 11. Rd1 b5 12. O-O Bb7 13. f3 Rac8 14. Bxc5 Qxc5+
15. Qd4 d5 16. exd5 Bxd5 17. Qxc5 Rxc5 18. Rd4 Rfc8 19. Rfd1 g6 20. Kf2 Kg7 21.
g4 g5 22. a4 bxa4 23. Rxa4 a5 24. Rd2 Rb8 25. Nd1 h5 26. h3 h4 27. b3 Rbc8 28.
Ne3 Bc6 29. Rc4 Rxc4 30. Nxc4 Ra8 31. Rd6 Bd5 32. Nb6 Rb8 33. c4 Bb7 34. c5 Ne8
35. Rd7 Bc6 36. Ra7 Rd8 37. Rxa5 Rd2 38. b4 Nc7 39. Ke3 Rb2 40. Ra7 Nb5 41. Bxb5
Bxb5 42. Nc8 Rb3+ 43. Kd2 Rxb4 44. Nd6 Bc6 45. Rxf7+ Kg6 46. Re7 Bd5 47. Rf7 Ra4
48. f4 gxf4 49. Rf8 Ra3 50. Rxf4 Rxh3 51. Ne8 Rh2+ 52. Ke3 h3 53. Rf6+ Kg5 54.
Rf8 Rc2 55. Rh8 Kxg4 56. Kd4 Rc4+ 57. Ke5 Rxc5 58. Nf6+ Kg3 59. Nh5+ Kf2 60. Nf4
Bg2+ 61. Kxe6 Rc3 62. Ke5 Re3+ 63. Kd6 Rf3 64. Nxh3+ Bxh3 65. Rh6 Bg4 66. Kc7
Kg3 67. Rh7 Kf4 68. Rf7+ Bf5 69. Re7 Ra3 70. Kd6 Rd3+ 71. Kc5 Be4 72. Rf7+ Ke3
73. Re7 Rd5+ 74. Kc4 Rh5 75. Re8 Rh4 76. Kc3 Rh7 77. Rd8 Rc7+ 78. Kb4 Bd3 79.
Kb3 Kd2 80. Kb4 Rc4+ 81. Kb3 Rc5 82. Rb8 Ke3 83. Rd8 Kd2 84. Rb8 Rc7 85. Kb4 Rc1
86. Rb6 Ke3 87. Re6+ Kf4 88. Re7 Be4 89. Kb5 Ke3 90. Kb4 Kd4 91. Kb5 Bd5 92. Kb6
Rc6+ 93. Ka7 Rc8 94. Kb6 Kc4 95. Rc7+ Rxc7 96. Kxc7 1/2-1/2

[Event "FIDE World Bl Team Pool D"]
[Site "London ENG"]
[Date "2025.06.14"]
[Round "2.2"]
[White "Gurevich, Artjom"]
[Black "Bryant, Harry"]
[Result "0-1"]
[WhiteElo "2183"]
[BlackElo "2062"]
[WhiteTeam "Equity Bank, Kenya"]
[BlackTeam "The London Legends"]
[WhiteFideId "2603870"]
[BlackFideId "489158"]
[EventDate "2025.06.14"]
[EventType "team"]

1. d4 Nf6 2. Nf3 g6 3. c4 Bg7 4. Nc3 O-O 5. g3 d6 6. Bg2 c5 7. dxc5 dxc5 8. Qxd8
Rxd8 9. O-O Nc6 10. Bf4 Be6 11. Rac1 Bxc4 12. b3 Ba6 13. Na4 Ne4 14. Ng5 Nxg5
15. Bxg5 h6 16. Nxc5 Bxe2 17. Rfe1 hxg5 18. Rxe2 Nd4 19. Rxe7 Bf8 20. Re5 Rac8
21. Nd3 Rxc1+ 22. Nxc1 g4 23. h4 Nc2 24. Ne2 Rd1+ 25. Kh2 Ne1 26. Bxb7 Bd6 27.
Re8+ Kg7 28. Nf4 Nf3+ 29. Bxf3 gxf3 30. Nh3 Rd2 31. Kg1 Re2 32. Rd8 Bc5 33. Ng5
Rxf2 34. Rc8 Rc2+ 35. Kf1 Rc1# 0-1

[Event "FIDE World Bl Team Pool D"]
[Site "London ENG"]
[Date "2025.06.14"]
[Round "2.3"]
[White "Dasgupta, Avyukt"]
[Black "Andiwoh, Moses"]
[Result "1-0"]
[WhiteElo "2125"]
[BlackElo "1796"]
[WhiteTeam "The London Legends"]
[BlackTeam "Equity Bank, Kenya"]
[WhiteFideId "480630"]
[BlackFideId "10801502"]
[EventDate "2025.06.14"]
[EventType "team"]

1. e4 d5 2. exd5 Nf6 3. d4 Bg4 4. Be2 Bxe2 5. Nxe2 Qxd5 6. O-O e6 7. Bf4 Bd6 8.
Nbc3 Qh5 9. Bxd6 cxd6 10. Qd3 O-O 11. d5 Nxd5 12. Nxd5 exd5 13. Nf4 Qe5 14. Nxd5
Nc6 15. c3 Ne7 16. Nxe7+ Qxe7 17. Rad1 Rad8 18. Rfe1 Qc7 19. Qd4 Qc5 20. Re4
Rfe8 21. Rg4 Qxd4 22. Rgxd4 Re6 23. Kf1 Kf8 24. f3 Ke7 25. Rb4 b6 26. Rg4 g6 27.
Rd2 Rc8 28. Kf2 Rc5 29. Ra4 a5 30. b4 Rxc3 31. bxa5 b5 32. Rb4 Re5 33. Rb3 Rc4
34. Ra3 1-0

[Event "FIDE World Bl Team Pool D"]
[Site "London ENG"]
[Date "2025.06.14"]
[Round "2.4"]
[White "Kuka Kyle"]
[Black "Patel, Zain"]
[Result "0-1"]
[WhiteElo "1892"]
[BlackElo "2045"]
[WhiteTeam "Equity Bank, Kenya"]
[BlackTeam "The London Legends"]
[WhiteFideId "10831533"]
[BlackFideId "469246"]
[EventDate "2025.06.14"]
[EventType "team"]

1. e4 e5 2. Nf3 Nc6 3. Nc3 Nf6 4. d4 exd4 5. Nxd4 Bb4 6. Nxc6 bxc6 7. Bd3 O-O 8.
O-O d5 9. exd5 Bg4 10. f3 Bh5 11. dxc6 Qd4+ 12. Kh1 Bxc3 13. bxc3 Qxc3 14. Bg5
Qxc6 15. Qe1 Bg6 16. Qh4 Bxd3 17. cxd3 Nd5 18. Rac1 Qg6 19. d4 h6 20. Bd2 Rfe8
21. Ba5 Ne3 22. Rg1 Nf5 23. Qg4 Qxg4 24. fxg4 Nxd4 25. Rxc7 Rec8 26. Rgc1 Rxc7
27. Rxc7 Re8 28. Kg1 a6 29. Bb6 Nb5 30. Rd7 Re2 31. a4 Nc3 32. Ra7 Nxa4 33. Rxa6
Nxb6 34. Rxb6 Kh7 35. h3 g6 36. Kh2 Kg7 37. Kg3 Re3+ 38. Kf2 Ra3 39. Kg1 Re3 40.
Kf2 Re4 41. Kf3 Re8 42. Kg3 g5 43. Kf3 f6 44. Kg3 Kg6 45. Kf3 Ra8 46. Kg3 Ra3+
47. Kh2 Ra4 48. Kg3 Rf4 49. Rc6 Re4 50. Rb6 Rf4 51. Rc6 h5 52. gxh5+ Kxh5 53.
Kh2 f5 54. Rb6 Rd4 55. Rf6 f4 56. Re6 Rd2 57. Kg1 Kh4 58. Rc6 Rd3 59. Rh6+ Kg3
60. Kf1 Rd1+ 61. Ke2 Rg1 62. Rh5 Rxg2+ 63. Kf1 Rf2+ 64. Kg1 Rg2+ 65. Kh1 Kf2 66.
Rh8 f3 67. Ra8 Rg1+ 68. Kh2 Re1 69. Ra4 Re3 70. Rg4 Re5 71. Rg1 Ke2 72. Kg3 f2
73. Rg2 Rf5 74. Kg4 Rf8 75. Kg3 Ke1 76. Rxf2 Rxf2 77. Kg4 Rh2 78. Kg3 Ra2 79.
Kg4 Ra3 0-1

[Event "FIDE World Bl Team Pool D"]
[Site "London ENG"]
[Date "2025.06.14"]
[Round "2.5"]
[White "Mokhber-Garcia, Sebastian"]
[Black "Mutisya, Jully"]
[Result "1-0"]
[BlackTitle "WCM"]
[WhiteElo "1853"]
[BlackElo "1822"]
[WhiteTeam "The London Legends"]
[BlackTeam "Equity Bank, Kenya"]
[WhiteFideId "499269"]
[BlackFideId "10814922"]
[EventDate "2025.06.14"]
[EventType "team"]

1. d4 Nf6 2. c4 g6 3. Nc3 Bg7 4. e4 d6 5. Nf3 O-O 6. Be3 e5 7. d5 a5 8. h3 Nbd7
9. a3 Qe7 10. b4 Nh5 11. g4 Nf4 12. Ne2 axb4 13. axb4 Rxa1 14. Qxa1 Nb6 15. Bxb6
cxb6 16. Qa3 Bd7 17. Nc3 f5 18. gxf5 gxf5 19. Rg1 fxe4 20. Nxe4 Nxh3 21. Bxh3
Bxh3 22. Nfg5 Bf5 23. Qe3 h6 24. Ne6 Bxe6 25. dxe6 Qxe6 26. Qg3 Rf7 27. Qd3 Qf5
28. Qd5 Kh7 29. Rg2 Qh3 30. Qxf7 Qh1+ 31. Kd2 Qxg2 32. Nf6+ 1-0

[Event "FIDE World Bl Team Pool D"]
[Site "London ENG"]
[Date "2025.06.14"]
[Round "2.6"]
[White "Ongono, Victor"]
[Black "Maton, Emily"]
[Result "0-1"]
[WhiteElo "1560"]
[BlackElo "1980"]
[WhiteTeam "Equity Bank, Kenya"]
[BlackTeam "The London Legends"]
[WhiteFideId "10805214"]
[BlackFideId "343120293"]
[EventDate "2025.06.14"]
[EventType "team"]

1. e4 c5 2. f4 Nc6 3. Nf3 g6 4. d3 Bg7 5. Be2 d6 6. Nc3 Nf6 7. Bd2 a6 8. O-O O-O
9. Rb1 b5 10. a3 b4 11. axb4 cxb4 12. Na2 Ng4 13. Nxb4 Nxb4 14. Bxb4 Qb6+ 15.
Kh1 Qxb4 16. h3 Ne3 17. Qe1 Qxe1 18. Rfxe1 Nxc2 19. Rec1 Nd4 20. Nxd4 Bxd4 21.
Rc7 Bf6 22. Rd1 Be6 23. d4 Rfc8 24. Rb7 Rcb8 25. Rc7 Rxb2 26. d5 Rxe2 27. dxe6
fxe6 28. e5 dxe5 29. fxe5 Rxe5 30. Rdd7 Rd5 31. Rxd5 exd5 32. Rd7 a5 33. Rxd5 a4
34. Rd2 a3 35. Ra2 e5 36. Kg1 Be7 37. Kf2 Rb8 38. Ke3 Rb2 39. Ra1 a2 40. g3 Bc5+
41. Ke4 Bd4 42. h4 Re2+ 43. Kd3 Bxa1 44. Kxe2 Bd4 45. Kd3 a1=Q 0-1

[Event "FIDE World Bl Team Pool D"]
[Site "London ENG"]
[Date "2025.06.14"]
[Round "2.1"]
[White "Fernandez, Daniel Howard"]
[Black "Sagalchik, Gennadij"]
[Result "0-1"]
[WhiteTitle "GM"]
[BlackTitle "GM"]
[WhiteElo "2484"]
[BlackElo "2434"]
[WhiteTeam "English Knightmares"]
[BlackTeam "Perfect"]
[WhiteFideId "5801605"]
[BlackFideId "2007916"]
[EventDate "2025.06.14"]
[EventType "team"]

1. e4 e5 2. Nc3 Nc6 3. f4 exf4 4. d4 Qh4+ 5. Ke2 d6 6. Nf3 Qd8 7. Bxf4 h6 8. d5
Nce7 9. Kf2 g5 10. Be3 Bg7 11. h4 Nf6 12. Kg1 Ng4 13. Bd4 Bxd4+ 14. Qxd4 Ng6 15.
hxg5 N6e5 16. Bb5+ Bd7 17. Rxh6 Rxh6 18. gxh6 Qf6 19. Bxd7+ Kxd7 20. Nxe5+ Nxe5
21. Qf2 Qxh6 22. Qf5+ Ke7 23. Rf1 Rh8 24. Qf4 Qh5 25. Qf6+ Ke8 26. Qf4 Ng4 27.
Qxf7+ 0-1

[Event "FIDE World Bl Team Pool D"]
[Site "London ENG"]
[Date "2025.06.14"]
[Round "2.2"]
[White "Atlas, Valery"]
[Black "Badacsonyi, Stanley"]
[Result "1-0"]
[WhiteTitle "IM"]
[BlackTitle "FM"]
[WhiteElo "2401"]
[BlackElo "2300"]
[WhiteTeam "Perfect"]
[BlackTeam "English Knightmares"]
[WhiteFideId "12000035"]
[BlackFideId "486973"]
[EventDate "2025.06.14"]
[EventType "team"]

1. e4 e6 2. d4 d5 3. Nc3 Nf6 4. e5 Nfd7 5. f4 c5 6. Nce2 cxd4 7. Nxd4 Nc6 8.
Ngf3 Bc5 9. c3 Qb6 10. b4 Nxd4 11. Nxd4 Be7 12. Be3 Qd8 13. Bd3 Nb6 14. O-O O-O
15. Qg4 f5 16. exf6 Rxf6 17. Qg3 Nc4 18. Bc1 Bd7 19. a3 Rc8 20. Ra2 Nd6 21. Re2
g6 22. Bd2 Bf8 23. Rfe1 Nf5 24. Bxf5 exf5 25. Qf3 Bc6 26. b5 Bd7 27. Qxd5+ Rf7
28. c4 Rc5 29. Qf3 Rxc4 30. Bc3 Bc5 31. Rd2 Qb6 32. Red1 Bxb5 33. Kh1 Ba4 34.
Nc2 Bc6 35. Qd3 Rxf4 36. Nb4 Re4 37. Nxc6 Qxc6 38. Bb2 Qe8 39. Rf1 Bb6 40. Qc3
Kf8 41. Rd5 Qc6 42. Qh8+ Ke7 43. Re5+ Rxe5 44. Qxe5+ Qe6 45. Qc3 Rf8 46. Re1 Re8
47. Rxe6+ Kxe6 48. g3 Kd7 49. Qd3+ Ke7 50. Qd5 Rd8 51. Qe5+ Kd7 52. Qg7+ Kc6 53.
Bc3 Rd7 54. Qf6+ Rd6 55. Qe5 Bc7 56. Qe8+ Rd7 57. Kg2 a6 58. Kh3 Bd6 59. Qc8+
Rc7 60. Qe6 Re7 61. Qc4+ Kd7 62. Qd5 b5 63. Bb4 Re6 64. Qb7+ Bc7 65. Ba5 Rc6 66.
Bxc7 Rxc7 67. Qxa6 Rc5 68. Qa7+ Kd6 69. Qxh7 g5 70. Qg6+ Kd5 71. Qxg5 Kc4 72.
Qc1+ Kd5 73. Qd2+ Kc6 74. Kh4 Rd5 75. Qc3+ Kb6 76. Kg5 1-0

[Event "FIDE World Bl Team Pool D"]
[Site "London ENG"]
[Date "2025.06.14"]
[Round "2.3"]
[White "Banerjee, Supratit"]
[Black "Zlotnik, Boris A"]
[Result "1-0"]
[WhiteTitle "FM"]
[BlackTitle "IM"]
[WhiteElo "2311"]
[BlackElo "2433"]
[WhiteTeam "English Knightmares"]
[BlackTeam "Perfect"]
[WhiteFideId "2410079"]
[BlackFideId "4101413"]
[EventDate "2025.06.14"]
[EventType "team"]

1. e4 e6 2. d4 d5 3. e5 c5 4. c3 Nc6 5. Nf3 Nge7 6. Na3 Nf5 7. Nc2 cxd4 8. cxd4
Bd7 9. Be2 Qb6 10. O-O Rc8 11. g4 Nfe7 12. h3 a6 13. b4 Ng6 14. a3 Na7 15. Nce1
Bb5 16. Nd3 Be7 17. Nc5 Bxe2 18. Qxe2 Nc6 19. Be3 O-O 20. Nd7 Qb5 21. Qxb5 axb5
22. Nxf8 Nxf8 23. a4 bxa4 24. b5 Na7 25. b6 Nc6 26. Rxa4 Nd7 27. Rb1 Bd8 28. Ra2
h6 29. Kg2 Nxb6 30. Rab2 Nc4 31. Rxb7 N4a5 1-0

[Event "FIDE World Bl Team Pool D"]
[Site "London ENG"]
[Date "2025.06.14"]
[Round "2.4"]
[White "Slavin, Gennadie"]
[Black "Shearsby, Jude"]
[Result "0-1"]
[BlackTitle "CM"]
[WhiteElo "2207"]
[BlackElo "2160"]
[WhiteTeam "Perfect"]
[BlackTeam "English Knightmares"]
[WhiteFideId "4104870"]
[BlackFideId "462527"]
[EventDate "2025.06.14"]
[EventType "team"]

1. e4 Nc6 2. Nc3 e6 3. d4 Bb4 4. a3 Bxc3+ 5. bxc3 d6 6. Nf3 Nf6 7. Bd3 e5 8. O-O
O-O 9. h3 h6 10. Re1 Re8 11. a4 a6 12. Rb1 b6 13. Bc4 exd4 14. cxd4 Na5 15. Bd3
Bb7 16. e5 dxe5 17. dxe5 Ne4 18. Bb2 Nc5 19. Bf5 Nc4 20. Bd4 Bxf3 21. gxf3 Qg5+
22. Bg4 Nxe5 23. Qe2 f6 24. Bxc5 bxc5 25. Qe4 h5 26. f4 Qh4 27. Bd1 Nf7 28.
Qxe8+ Rxe8 29. Rxe8+ Kh7 30. Kg2 Nd6 31. Re7 Qxf4 32. c3 Kh6 33. Bc2 Qd2 34. Bb3
Nf5 35. Ree1 Nh4+ 36. Kf1 Qd3+ 37. Kg1 Qxh3 38. Re3 Qg2# 0-1

[Event "FIDE World Bl Team Pool D"]
[Site "London ENG"]
[Date "2025.06.14"]
[Round "2.5"]
[White "Hng, Mei-En Emmanuelle"]
[Black "Arakhamia-Grant, Ketevan"]
[Result "1-0"]
[WhiteTitle "WFM"]
[BlackTitle "GM"]
[WhiteElo "2136"]
[BlackElo "2269"]
[WhiteTeam "English Knightmares"]
[BlackTeam "Perfect"]
[WhiteFideId "5804566"]
[BlackFideId "13600168"]
[EventDate "2025.06.14"]
[EventType "team"]

1. e4 c5 2. d4 cxd4 3. c3 d3 4. Bxd3 Nc6 5. Bc4 e6 6. Nf3 d6 7. O-O Nf6 8. Qe2
Be7 9. Rd1 Qc7 10. h3 O-O 11. Na3 a6 12. Nc2 b5 13. Bd3 Bb7 14. Bf4 Rad8 15. a4
bxa4 16. Rxa4 a5 17. Ne3 Ne5 18. Nxe5 dxe5 19. Bg3 Bc5 20. Nc4 Nxe4 21. Bxe4
Rxd1+ 22. Qxd1 Bxe4 23. Nxe5 Qb7 24. Qd7 Qxb2 25. Rxa5 Bb6 26. Rb5 Qc1+ 27. Kh2
Bd8 28. Rb8 1-0

[Event "FIDE World Bl Team Pool D"]
[Site "London ENG"]
[Date "2025.06.14"]
[Round "2.6"]
[White "Mindru, Valeriu"]
[Black "Jain, Gautam"]
[Result "0-1"]
[WhiteElo "1874"]
[BlackElo "1979"]
[WhiteTeam "Perfect"]
[BlackTeam "English Knightmares"]
[WhiteFideId "13905775"]
[BlackFideId "425311"]
[EventDate "2025.06.14"]
[EventType "team"]

1. d4 f5 2. g4 fxg4 3. h3 g3 4. fxg3 Nf6 5. Bg2 e6 6. c4 Bd6 7. Bf4 Bxf4 8. gxf4
d5 9. Nc3 O-O 10. Nf3 Ne4 11. Qc2 Rxf4 12. O-O-O Nf2 13. cxd5 Nxd1 14. Qxd1 exd5
15. Ne5 c6 16. e3 Rf8 17. Rg1 Bf5 18. e4 dxe4 19. Bxe4 Qh4 20. Qd3 Qf4+ 21. Kb1
Bxe4 22. Nxe4 Na6 23. Qb3+ Kh8 24. Qxb7 Qxe4+ 25. Ka1 g6 26. Nf7+ Rxf7 27. Qxf7
Qxd4 28. Qb7 Qxg1# 0-1

[Event "FIDE World Bl Team Pool D"]
[Site "London ENG"]
[Date "2025.06.14"]
[Round "2.1"]
[White "Amartuvshin, Ganzorig"]
[Black "Balogh, Csaba"]
[Result "1/2-1/2"]
[WhiteTitle "IM"]
[BlackTitle "GM"]
[WhiteElo "2430"]
[BlackElo "2544"]
[WhiteTeam "Mongolia-A"]
[BlackTeam "Team Hungary"]
[WhiteFideId "4902548"]
[BlackFideId "718939"]
[EventDate "2025.06.14"]
[EventType "team"]

1. d4 d5 2. c4 c6 3. Nc3 Nf6 4. e3 g6 5. Nf3 Bg7 6. Bd3 Bg4 7. O-O O-O 8. h3
Bxf3 9. Qxf3 e6 10. b3 Nbd7 11. Bb2 Re8 12. e4 e5 13. exd5 exd4 14. Na4 Ne5 15.
Qd1 cxd5 16. Bxd4 dxc4 17. Bxc4 Nxc4 18. bxc4 Re4 19. Bxf6 Bxf6 20. Qc2 Qe7 21.
Rac1 Rc8 22. Qb3 b6 23. Nc3 Bxc3 24. Rxc3 Qc5 25. Rfc1 Re2 26. Rf3 Rc7 27. a4
Rce7 28. Qd3 Re1+ 29. Rxe1 Rxe1+ 30. Kh2 Re7 31. g3 h5 32. h4 Kg7 33. Qc3+ Qe5
34. Qd3 Rc7 35. Rf4 Rc6 36. Qf3 Rf6 37. Rxf6 Qxf6 38. Qe3 Qa1 39. Kg2 Qxa4 40.
Qe5+ Kg8 41. Qb8+ Kh7 42. Qc7 Kg7 43. Qe5+ Kf8 44. Qd6+ Ke8 45. Qe5+ Kd7 46.
Qd5+ Ke7 47. Qe5+ Kd8 48. Qb8+ Kd7 49. Qb7+ Ke6 50. Qd5+ Kf6 51. Qd6+ Kg7 52.
Qe5+ Kh7 53. Qc7 Qe8 54. Qxa7 Qe4+ 55. Kg1 Qe1+ 56. Kg2 Qe4+ 57. Kg1 Qxc4 58.
Qxb6 1/2-1/2

[Event "FIDE World Bl Team Pool D"]
[Site "London ENG"]
[Date "2025.06.14"]
[Round "2.2"]
[White "Kantor, Gergely"]
[Black "Munkhdalai, Amilal"]
[Result "0-1"]
[WhiteTitle "GM"]
[BlackTitle "IM"]
[WhiteElo "2584"]
[BlackElo "2385"]
[WhiteTeam "Team Hungary"]
[BlackTeam "Mongolia-A"]
[WhiteFideId "751499"]
[BlackFideId "4903250"]
[EventDate "2025.06.14"]
[EventType "team"]

1. d4 Nf6 2. c4 e6 3. Nc3 Bb4 4. e3 O-O 5. a3 Bxc3+ 6. bxc3 c5 7. Bd3 Nc6 8. Rb1
b6 9. e4 Ne8 10. Nf3 Ba6 11. O-O Na5 12. Qe2 Rc8 13. d5 f6 14. e5 exd5 15. cxd5
Bxd3 16. Qxd3 fxe5 17. Nxe5 d6 18. Nf3 Qd7 19. Bd2 Qf5 20. Qa6 Nc7 21. Qxa7 Nxd5
22. Rbe1 Ra8 23. Nh4 Qc8 24. Qxa8 Qxa8 25. Re4 Nb3 26. Bg5 h6 0-1

[Event "FIDE World Bl Team Pool D"]
[Site "London ENG"]
[Date "2025.06.14"]
[Round "2.3"]
[White "Munkhzul, Turmunkh"]
[Black "Erdos, Viktor"]
[Result "1-0"]
[WhiteTitle "WGM"]
[BlackTitle "GM"]
[WhiteElo "2236"]
[BlackElo "2545"]
[WhiteTeam "Mongolia-A"]
[BlackTeam "Team Hungary"]
[WhiteFideId "4901878"]
[BlackFideId "719978"]
[EventDate "2025.06.14"]
[EventType "team"]

1. e4 c5 2. Nf3 d6 3. d4 cxd4 4. Nxd4 Nf6 5. Nc3 g6 6. Be3 Nc6 7. f3 e5 8. Nb3
Be6 9. Qe2 Bg7 10. O-O-O O-O 11. g4 a5 12. a4 d5 13. g5 d4 14. gxf6 Qxf6 15. Nd5
Bxd5 16. exd5 Nb4 17. Bd2 d3 18. cxd3 e4 19. d4 exf3 20. Qe4 Rfe8 21. Qf4 Qd6
22. Qxd6 1-0

[Event "FIDE World Bl Team Pool D"]
[Site "London ENG"]
[Date "2025.06.14"]
[Round "2.4"]
[White "Kozak, Adam"]
[Black "Gan-Od, Sereenen"]
[Result "1-0"]
[WhiteTitle "GM"]
[BlackTitle "FM"]
[WhiteElo "2587"]
[BlackElo "2320"]
[WhiteTeam "Team Hungary"]
[BlackTeam "Mongolia-A"]
[WhiteFideId "753246"]
[BlackFideId "4901304"]
[EventDate "2025.06.14"]
[EventType "team"]

1. d4 Nf6 2. c4 g6 3. Nc3 Bg7 4. e4 O-O 5. Nf3 c5 6. d5 d6 7. h3 Na6 8. Bd3 Nc7
9. O-O a6 10. a4 Rb8 11. a5 b5 12. axb6 Rxb6 13. Ra2 Nd7 14. Bf4 f6 15. Bc2 Ne5
16. Nxe5 fxe5 17. Be3 Bd7 18. b3 Qe8 19. Kh2 Qb8 20. Nb1 e6 21. Nc3 Qb7 22. Na4
Bxa4 23. Rxa4 exd5 24. exd5 Qc8 25. Qd2 Qb7 26. Rb1 Rb8 27. Kg1 Bf8 28. h4 Ne8
29. Qe2 Nf6 30. Rba1 Ra8 31. g3 Qd7 32. Rb1 Rab8 33. Rba1 Ra8 34. Kg2 Bg7 35.
Bg5 Ne8 36. Be3 Nc7 37. Qd2 Rab8 38. Rh1 e4 39. h5 Qf5 40. hxg6 hxg6 41. Rh4
Qf3+ 42. Kg1 Rxb3 43. Bxb3 Rxb3 44. Qe1 Rd3 45. Bd2 Bc3 46. Bxc3 Rd1 47. Rh8+
Kf7 48. Rh7+ Kg8 49. Rg7+ Kf8 50. Rxc7 Qe2 51. Rxa6 Rxe1+ 52. Bxe1 Qxe1+ 53. Kg2 1-0

[Event "FIDE World Bl Team Pool D"]
[Site "London ENG"]
[Date "2025.06.14"]
[Round "2.5"]
[White "Uuriintuya, Uurtsaikh"]
[Black "Gaal, Zsoka"]
[Result "1-0"]
[WhiteTitle "WGM"]
[BlackTitle "WGM"]
[WhiteElo "2141"]
[BlackElo "2391"]
[WhiteTeam "Mongolia-A"]
[BlackTeam "Team Hungary"]
[WhiteFideId "4900227"]
[BlackFideId "777765"]
[EventDate "2025.06.14"]
[EventType "team"]

1. e4 c6 2. c4 d5 3. cxd5 cxd5 4. exd5 Nf6 5. Nc3 Nxd5 6. Nf3 Nc6 7. Bb5 Nc7 8.
Bc4 e6 9. O-O Be7 10. d4 O-O 11. Re1 Bf6 12. Be3 a6 13. Ne4 Be7 14. a3 b5 15.
Bd3 Nd5 16. Bc2 Bb7 17. Neg5 g6 18. h4 Bf6 19. Ne4 Bg7 20. h5 Nxe3 21. fxe3 Ne7
22. Nc5 Bc6 23. Ne5 Bd5 24. h6 Bxe5 25. dxe5 Nc6 26. e4 Qb6 27. b4 Bc4 28. Kh1
Qd8 29. Nd7 Qh4+ 30. Kg1 Rfd8 31. Nf6+ Kh8 32. Qg4 Qxg4 33. Nxg4 Rd2 34. Rac1
Rad8 35. Re3 Be2 36. Nf2 Nxe5 37. Bb3 Nc4 38. Bxc4 Bxc4 39. a4 Ra2 40. axb5 axb5
41. Rf3 f5 42. exf5 exf5 43. Re1 Rda8 44. Rfe3 Kg8 45. Re7 Bf7 46. Nd3 Ra1 47.
Rxa1 Rxa1+ 48. Kf2 Ra2+ 49. Ke3 Ra8 50. Rb7 Bc4 51. Rg7+ Kh8 52. Ne5 Re8 53. Kf4
Rd8 54. Rc7 Rd4+ 55. Kg5 Rd8 56. Kf6 Bg8 57. Rb7 Rf8+ 58. Kg5 Re8 59. Kf4 Bc4
60. Nd7 Re4+ 61. Kg5 Re8 62. Nf6 1-0